[Event "Rakvere Keres Memorial"]
[Site "Rakvere"]
[Date "1993.??.??"]
[Round "3"]
[White "Rozentalis, Eduardas"]
[Black "Hodgson, Julian M"]
[Result "1/2-1/2"]
[WhiteElo "2600"]
[BlackElo "2625"]
[Annotator "Belov,I"]
[PlyCount "89"]
[EventDate "1993.09.??"]
[EventType "tourn"]
[EventRounds "10"]
[EventCountry "EST"]
[EventCategory "15"]
[SourceTitle "CBM 038"]
[Source "ChessBase"]
[SourceDate "1994.02.01"]
[SourceVersion "1"]
[SourceVersionDate "1994.02.01"]
[SourceQuality "1"]

1. e4 d6 2. d4 Nf6 3. Nc3 g6 4. Nf3 Bg7 5. Be2 c5 6. d5 O-O 7. O-O e6 8. Nd2 (
8. a4 $5 exd5 9. exd5 Bg4 10. Nd2 (10. Bf4 Na6 11. h3 Bxf3 12. Bxf3 Nc7 13. Qd2
a6 14. Rab1 $1 b6 15. b4 $14 {Kamsky,G-Agapov,K /Leningrad/1987/}) 10... Bxe2
11. Qxe2 Na6 12. Nc4 Nb4 13. Bg5 $1 $14 {Romanishin,O-Gdanski,J /Polanica
Zdroj/1992 Inf 55/71/}) (8. dxe6 Bxe6 9. Ng5 (9. Be3 $5 Nc6 10. Qd2 $14) 9...
Nc6 10. Be3 (10. f4 Nd4 11. f5 gxf5 12. Bd3 Bd7 $1 13. exf5 Bc6 $13 {Kovacevic,
V-Velimirovic,D /Zagreb/1972/}) 10... Bc8 11. h3 h6 12. Nf3 Re8 13. Nd2 Nd4 $10
{Phominyh,A-Gschnitzer,O /Budapest/1990/}) (8. h3 exd5 9. exd5 a6 10. a4 Re8
11. Bf4 Ne4 12. Nxe4 Rxe4 13. Bg5 Qf8 14. Bd3 Re8 15. c3 Nd7 $10 {Illeskas,
M-Vera,M /Barselona 1990//}) 8... exd5 9. exd5 Nbd7 10. Nc4 (10. a4 Nb6 11. Bf3
Bd7 12. a5 Nc8 13. Ra3 $1 Rb8 14. Nc4 b5 15. axb6 axb6 16. Bf4 Qc7 17. Ra6 $1
Ne8 18. Ra2 b5 $10 {Zajd,L-Ionescu,Cr /Sofia/1988 Inf 46/73/}) 10... Nb6 11.
Ne3 Ne8 $5 $146 (11... Bd7 12. a4 Nc8 13. Re1 (13. a5 a6 14. Nc4 Bb5 15. Bg5 h6
16. Bh4 Re8 17. Re1 $10 {Petursson,M-Cseshkovsky,V /Palma de Mallorka/1989/})
13... Re8 14. Bf3 Qc7 15. Bd2 a5 {Ftacnik,L-Gdanski,J /Stara Zagora/1990/} 16.
b3 c4 17. Rc1 Qc5 18. Be2 Ne4 $1 $13 {Gdanski/}) 12. a4 f5 13. f4 (13. a5 Nd7
14. Nc4 Ne5 $10) 13... Nd7 14. a5 Ndf6 15. Bf3 (15. Nc4 Ne4 $6 (15... Nc7 $5)
16. Nxe4 fxe4 17. c3 Rb8 18. Be3 $14) 15... Nc7 16. Nc4 Rb8 17. Be3 b5 $10 18.
axb6 axb6 19. Re1 Nfe8 (19... b5 $2 20. Na5 $16) (19... Ba6 $5 20. Ne5 dxe5 21.
fxe5 Ng4 22. Bxg4 fxg4 23. d6 Bb7 24. dxc7 Qxc7 $13) 20. Bf2 Ba6 21. Ne5 $5 (
21. Be2 Bxc4 22. Bxc4 b5 23. Be2 Nf6 $15) 21... dxe5 22. fxe5 Bc8 23. Ra7 Rb7
24. Rxb7 Bxb7 25. d6 $8 Bxf3 $8 26. dxc7 $8 (26. Qxf3 Ne6 27. Qd5 Qd7 $19)
26... Qxd1 $1 (26... Qxc7 27. Qxf3 Bxe5 $2 28. Qd5+ $18) 27. c8=Q Qxc2 28. gxf3
Qxb2 29. Nd5 $44 Kh8 (29... Bxe5 30. Qe6+ $18) 30. Qe6 Qb3 (30... c4 $2 31.
Nxb6 c3 32. Nd7 Rg8 (32... c2 33. Nxf8 c1=Q 34. Qxe8) 33. Nf6 $18) 31. Re3 Qc4
32. Qc6 Qc1+ 33. Re1 (33. Kg2 $5) 33... Qg5+ 34. Kh1 Qd2 35. Kg1 Qg5+ 36. Kf1
Qh5 37. Nxb6 $5 Qxh2 38. Nd7 Rg8 39. Nf6 Bxf6 $8 40. exf6 Nd6 $1 41. Qd7 Qh1+
42. Ke2 Qh2 43. Kf1 Qh1+ 44. Ke2 Qh2 45. Kf1 1/2-1/2

[Event "Nikolaev zt"]
[Site "Nikolaev"]
[Date "1993.??.??"]
[Round "?"]
[White "Borovikov, Vladislav"]
[Black "Fedorov, Alexei"]
[Result "1-0"]
[WhiteElo "2385"]
[BlackElo "2490"]
[Annotator "Belov,I"]
[PlyCount "69"]
[EventDate "1993.03.??"]
[EventType "swiss"]
[EventRounds "11"]
[EventCountry "RUS"]
[SourceTitle "CBM 035"]
[Source "ChessBase"]
[SourceDate "1993.08.01"]
[SourceVersion "1"]
[SourceVersionDate "1993.08.01"]
[SourceQuality "1"]

1. d4 Nf6 2. Nf3 c5 3. d5 g6 4. Nc3 Bg7 5. e4 O-O 6. Be2 d6 7. O-O Na6 8. Bf4
Nc7 9. a4 b6 10. h3 Bb7 11. Re1 Qd7 12. Bc4 Rad8 (12... a6 $142 13. Qe2 (13.
Qd3 Rad8) 13... e6) 13. Qe2 $5 (13. Qd3) (13. Nb5 $5 a6 14. Nxc7 Qxc7 15. Qe2
Qc8 16. Rad1 $14) 13... a6 (13... e6 $5 14. dxe6 Nxe6 15. Bg3 Nd4 $13) 14. Bh2
$1 $146 (14. Rad1 Qc8 15. Qe3 Rfe8 16. Bh6 e6 (16... Bh8 $6 17. Ng5 Nd7 18. f4
$16 {Ivanchuk-Torre,E/Biel/1989/}) 17. Bxg7 Kxg7 18. dxe6 Nxe6 19. Nd5 Bxd5 20.
Bxd5 Nxd5 (20... Nd4 $6 21. Nxd4 Nxd5 {Yusupov-Ljuboevic/Linares/1992/} 22. Qg5
$1 cxd4 23. Qxd5 $16) 21. Rxd5 Qc6 22. b3 Nc7 23. Rdd1 d5 $10 {Adianto,U-Torre,
E/San Francisco/1991/}) 14... Qc8 (14... e6 15. dxe6 Nxe6 16. Rad1 $1 $16 (16.
Bxa6 Nd4 $13)) 15. Rad1 Rfe8 16. Qe3 Qa8 $6 (16... e6 17. dxe6 Nxe6 18. Rxd6
Rxd6 19. Bxd6 Nd4 20. Qd3 (20. Nxd4 $2 cxd4 21. Qxd4 Nxe4 $19) (20. Ng5 Nxc2
21. Bxf7+ Kh8 22. Qd2 Nxe1 23. Bxe8 Qxe8 24. Qxe1 h6 25. Nf3 Nxe4 $10) 20...
Qc6 21. Bh2 Nxe4 22. Bd5 $1 $16) 17. Rd2 $1 h6 18. Red1 {/\ 19.e5!+/=} e6 19.
dxe6 Nxe6 20. Rxd6 Rxd6 21. Rxd6 Nxe4 22. Nxe4 Bxe4 23. c3 $1 $16 (23. Rxb6 Nd4
24. Nxd4 cxd4 25. Qf4 Bf5 $13) 23... Ng5 (23... Qb7 24. Bxa6 Qxa6 25. Qxe4 $16)
(23... Nf8 24. Rxb6 Bxf3 25. Qxf3 Re1+ 26. Bf1 $16) 24. Nxg5 hxg5 25. Qxg5 b5
$5 26. axb5 axb5 27. Bf1 $1 (27. Bxb5 Qa1+ 28. Bf1 c4 $1 {/\ Bd3<=>}) 27... c4
28. Rd1 Qa4 $6 (28... Bf5 $16) 29. Rd8 b4 $6 (29... Bc6 $142) 30. Qe7 $18 Bc6
$8 31. Rxe8+ Bxe8 32. Qxb4 Qa1 33. Qxc4 Bd7 34. Qe2 Bf5 35. Bf4 1-0

[Event "St Petersburg op"]
[Site "St Petersburg"]
[Date "1994.??.??"]
[Round "9"]
[White "Karpeshov, Oleg Mikhailovich"]
[Black "Goldin, Alexander"]
[Result "0-1"]
[WhiteElo "2365"]
[BlackElo "2585"]
[Annotator "Belov,I"]
[PlyCount "100"]
[EventDate "1994.02.??"]
[EventType "swiss"]
[EventRounds "9"]
[EventCountry "RUS"]
[SourceTitle "CBM 041"]
[Source "ChessBase"]
[SourceDate "1994.08.01"]
[SourceVersion "1"]
[SourceVersionDate "1994.08.01"]
[SourceQuality "1"]

1. d4 Nf6 2. Nf3 c5 3. d5 g6 4. Nc3 Bg7 5. e4 d6 (5... O-O $5 6. e5 Ng4 7. Bf4
d6 $10) 6. Bb5+ Nfd7 (6... Nbd7 7. a4 O-O 8. O-O a6 9. Bd3 (9. Be2 Rb8 10. Nd2
(10. Re1 $6 Ne8 11. Bf4 Nc7 12. a5 b5 13. axb6 Rxb6 14. Qc1 e5 $15 {Adorjan,
A-Horvath,T/HUN(ch)/1984/1:0 (28) Inf 37/67/}) 10... Ne8 11. Nc4 Nb6 12. Ne3
Bd7 13. Bd2 Nc8 14. Rb1 b5 15. axb5 axb5 16. b4 Nc7 $13 {Sokolov,I-Velickovic,
S/JUG/1988/ Inf 45/61/}) 9... Rb8 10. Bg5 Ng4 $1 11. Qd2 Nde5 12. Nxe5 Nxe5 13.
Be2 f5 $1 14. exf5 Bxf5 15. Rac1 Qb6 $10 {Nogueiras,J-Vera,R/CUB(ch)/1990/0,5 
(38) Inf 50/170/}) (6... Bd7 7. a4 Bxb5 $5 (7... O-O 8. O-O Na6 9. Re1 Nb4 $6
10. h3 e6 11. Bf4 $1 e5 12. Bg5 Bc8 13. Nd2 $16 {Kasparov,G-Beliavsky,A/Moscow
(m/9)/1983/1:0 (32) Inf 35/82/}) 8. axb5 O-O 9. O-O Nbd7 10. h3 Ne8 11. Bg5 Nc7
12. Qe2 Nb6 13. Ra5 Qd7 14. Rfa1 a6 $1 15. bxa6 bxa6 $1 16. Rd1 {Browne,
W-Alburt,L/New York/1984/0,5 (16) Inf 38/71/}) 7. a4 O-O 8. O-O Na6 9. Re1 Nc7
10. Bf1 $16 Nf6 11. h3 a6 $5 $146 (11... e5 12. dxe6 Nxe6 13. a5 Ne8 14. e5
dxe5 15. Qxd8 Nxd8 16. Nxe5 $16 {Georgiev,Kir-Barlov,D/Vrsac/1987/1:0 (62) Inf
44/52/}) (11... b6 12. Bf4 Bb7 13. Qd2 a6 14. Rab1 $1 Qd7 15. b4 $16 {Lerner,
K-Razuvaev,Y/SSSR/1981/1:0 (30) Inf 32/102/}) 12. a5 (12. Bf4 $5 Rb8 (12... b6
13. Qd2 Re8 14. Rad1 $16) 13. e5 Nfe8 (13... dxe5 14. Nxe5 Nfxd5 15. Nxf7 $1
Rxf7 16. Nxd5 $16) 14. a5 b5 15. axb6 Rxb6 16. Ra2 f6 17. exf6 exf6 $14) 12...
Rb8 (12... Nb5 $5 13. Nxb5 (13. Bd2 $5) 13... axb5 14. Bxb5 Rxa5 15. Rxa5 Qxa5
$10) 13. Na4 Na8 (13... Nb5 14. Nb6 $14) 14. Bd2 Bd7 15. Ra2 (15. c4 $5 Bxa4
16. Rxa4 $14) 15... Bxa4 16. Rxa4 Nc7 17. Ra2 (17. c4 $5) 17... Re8 18. Qc1 e6
19. dxe6 (19. c4 exd5 20. exd5 Ne4 21. Bf4 b5 $13) 19... Nxe6 20. Bc4 Qc7 21.
Ra3 $6 (21. Bh6 $5 Bh8 22. c3 $10) 21... Nd4 $15 22. Ng5 (22. Nxd4 cxd4 23. Bd3
Nd7 $15) 22... Re7 23. Rg3 Rbe8 (23... h6 $6 24. Nxf7 $1 Rxf7 25. Rxg6 $13) 24.
c3 Nc6 25. b4 Ne5 26. Ba2 $2 (26. Bf1 $5) 26... Nh5 27. Rge3 c4 $17 28. Rf1 Nf4
29. Qb1 Bh6 30. h4 (30. Nf3 Nxf3+ 31. Rxf3 Ne2+ $19) 30... f6 31. Nf3 Nxf3+ 32.
Rxf3 $6 (32. gxf3 $17) 32... Ne2+ 33. Kh1 Bxd2 34. Qd1 Nxc3 35. Qxd2 Nxa2 36.
Qxa2 Rxe4 $19 37. g3 Qc6 38. Kg1 d5 39. Rc3 Re2 40. Rc2 Rxc2 41. Qxc2 d4 42. h5
d3 43. Qd2 g5 44. Qc3 Kg7 45. Qd4 Kh6 $1 46. Kh2 Kxh5 47. Rc1 Re4 48. Qd8 Qe6
49. Qc7 Kg6 50. Kg2 Qc6 0-1

[Event "Nikolaev zt"]
[Site "Nikolaev"]
[Date "1993.??.??"]
[Round "?"]
[White "Shmuter, Leonid"]
[Black "Rakhmangulov, Andrei"]
[Result "0-1"]
[WhiteElo "2440"]
[BlackElo "2325"]
[Annotator "Belov,I"]
[PlyCount "66"]
[EventDate "1993.03.??"]
[EventType "swiss"]
[EventRounds "11"]
[EventCountry "RUS"]
[SourceTitle "CBM 035"]
[Source "ChessBase"]
[SourceDate "1993.08.01"]
[SourceVersion "1"]
[SourceVersionDate "1993.08.01"]
[SourceQuality "1"]

1. e4 d6 2. d4 Nf6 3. Nc3 g6 4. Nf3 Bg7 5. Be2 O-O 6. O-O c5 7. d5 Na6 8. h3
Nc7 9. a4 b6 10. Bf4 Bb7 11. Bc4 a6 12. Qd3 Qd7 13. Ra3 {/\ 14.Rb3} (13. Rad1
Rad8 14. Rfe1 Qc8 15. Qe3 Rfe8 16. Bh6 e6 $1 $10 {Adianto,U-Torre,E/San
Francisco/1991/}) 13... Nh5 $1 (13... Rab8 14. Rb3 Bc8 15. e5 $16) 14. Bh2 $6 (
14. Be3 Bxc3 $1 15. Qxc3 $8 b5 16. axb5 axb5 17. Rxa8 Rxa8 18. Be2 f5 19. exf5
Nxd5 20. Qd2 gxf5 (20... Nxe3 $5) 21. Bh6 e6 22. Bxb5 Qxb5 23. Qg5+ Kh8 24.
Qxh5 Qe8 $1 25. Qg5 Qg6 $15 {Shmuter-Belov/Ostrava/1992/}) (14. Bg5 $5 Bxc3 15.
Qxc3 b5 16. axb5 axb5 17. Rxa8 Rxa8 18. Be2 f5 19. Nh2 $5 $13) 14... Bxc3 $1
15. Qxc3 b5 16. axb5 axb5 17. Rxa8 Rxa8 (17... Bxa8 $5) 18. Be2 f5 19. exf5
Nxd5 20. Qd2 gxf5 $17 21. Ne5 Qe8 $1 (21... dxe5 $2 22. Bxh5 Qe6 23. Rd1 $16)
22. Qg5+ Ng7 23. Nd3 $6 (23. Nf3 Qg6 24. Qd2 $17) 23... Qg6 24. Qd2 Ne3 $19 25.
Nf4 Nxf1 26. Bxf1 Qf7 27. Bxb5 Ra1+ 28. Bf1 Qc4 29. Nd3 Qe4 30. f3 Qd4+ 31. Qf2
Ne6 32. Qxd4 Nxd4 33. c3 Ba6 $1 0-1

[Event "Moscow"]
[Site "Moscow"]
[Date "1981.04.??"]
[Round "8"]
[White "Beliavsky, Alexander G"]
[Black "Torre, Eugenio"]
[Result "1/2-1/2"]
[WhiteElo "2620"]
[BlackElo "2550"]
[Annotator "Belov,I"]
[PlyCount "76"]
[EventDate "1981.04.08"]
[EventType "tourn"]
[EventRounds "13"]
[EventCountry "URS"]
[EventCategory "15"]
[SourceTitle "MCL"]
[Source "ChessBase"]
[SourceDate "1999.07.01"]
[SourceVersion "1"]
[SourceVersionDate "1999.07.01"]
[SourceQuality "1"]

1. e4 d6 2. d4 g6 3. Nf3 Nf6 4. Nc3 Bg7 5. Be2 O-O 6. O-O c5 7. d5 Na6 8. Re1
Nc7 9. a4 b6 10. h3 (10. Bf4) 10... Bb7 11. Bf4 a6 12. Bc4 Qd7 13. e5 $6 (13.
Qd3 Rad8 {/\ e6/} 14. Rad1 (14. Rab1 e6 15. b4 exd5 16. exd5 cxb4 17. Rxb4 b5
18. axb5 axb5 19. Bb3 Na6 20. Rxb5 {Petursson,M-Watson,W/Reykjavik/1989/1:0 
(40)/} Rc8 $44) 14... Qc8 15. Qe3 Rfe8 16. Bh6 e6 17. Bxg7 Kxg7 18. dxe6 Nxe6
$10 {Adianto,U-Torre,E/San Francisco/1991/0,5 (25)/}) 13... Nh5 14. Bg5 (14.
Bh2 b5 15. Bf1 f5 $1 16. axb5 axb5 17. Rxa8 Rxa8 18. g4 fxg4 19. exd6 exd6 20.
Ng5 g3 $17 {Sosonko,G-Torre,E/Amsterdam/1977/0:1 (35)/}) 14... f6 $1 15. exd6 (
15. e6 Qe8 16. Bc1 b5 17. Ba2 f5 $17) 15... exd6 16. Be3 f5 (16... b5 $5 17.
Ba2 f5 $17) 17. Qd3 Bxc3 $1 18. Qxc3 f4 19. Bd2 b5 $17 20. Ba2 Nxd5 21. Bxd5+ (
21. Qd3 c4 22. Qd4 Qg7 $17) 21... Bxd5 22. Nh2 {/\ Ng4-h6#/} b4 23. Qd3 Qf5 24.
Qxf5 Rxf5 25. Re7 Rf7 26. Rae1 Kf8 27. R7e2 Bc6 $6 (27... a5 $142 $17) 28. a5
Re8 $6 (28... g5 $142 $17) 29. Rxe8+ Bxe8 30. g4 $1 Ng7 (30... fxg3 31. Bh6+
Ng7 32. fxg3 Bc6 $15) 31. Nf3 h6 32. c3 $1 bxc3 (32... b3 33. c4 {/\ Bc3/}) 33.
Bxc3 g5 34. b4 Bc6 35. Nd2 {/\ Nc4/} Bd5 36. bxc5 dxc5 37. Ne4 Re7 (37... Ne6
38. Nxc5 Nxc5 39. Bb4 $10) (37... Bxe4 38. Rxe4 Rb7 39. Bxg7+ Kxg7 40. Re6 $10)
38. Nxc5 Rxe1+ 1/2-1/2

[Event "Olympiad-32"]
[Site "Yerevan"]
[Date "1996.09.23"]
[Round "7.1"]
[White "Iuldachev, Saidali"]
[Black "Markowski, Tomasz"]
[Result "1-0"]
[WhiteElo "2515"]
[BlackElo "2540"]
[Annotator "Belov,I"]
[PlyCount "87"]
[EventDate "1996.09.15"]
[EventType "team-swiss"]
[EventRounds "14"]
[EventCountry "ARM"]
[SourceTitle "CBM 055"]
[Source "ChessBase"]
[SourceDate "1996.12.01"]
[SourceVersion "1"]
[SourceVersionDate "1996.12.01"]
[SourceQuality "1"]
[WhiteTeam "Uzbekistan"]
[BlackTeam "Poland"]
[WhiteTeamCountry "UZB"]
[BlackTeamCountry "POL"]

1. e4 d6 2. d4 Nf6 3. Nc3 g6 4. Nf3 Bg7 5. Be2 O-O 6. O-O c5 7. d5 e6 8. Nd2
exd5 9. exd5 Nbd7 10. Nc4 (10. a4 Nb6 11. Bf3 Bd7 12. a5 Nc8 $10) 10... Nb6 11.
Ne3 Ne8 (11... Re8 12. a4 Ne4 13. Nxe4 Rxe4 14. c3 (14. a5 $5) 14... Bd7 15. a5
Nc8 16. Bd3 Re8 $10 {Gavrilov,A-Vaulin,A/Novgorod op/1995/0:1/67/}) 12. g3 $5 (
12. a4 f5 13. f4 Nd7 14. a5 Ndf6 15. h3 (15. Bf3 Nc7 16. Nc4 Rb8 17. Be3 b5 $10
{Rozentalis,E-Hodgson,Ju/Ravere/1993/0,5/45/}) 15... h5 16. Nc4 Nc7 $13 {
Khalifman,A-Hodgson,Ju/Belgrade/1993/}) 12... f5 13. Ng2 Nc7 14. Re1 $6 (14.
Nf4 g5 15. Nh5 Bxc3 16. bxc3 Ncxd5 17. Bf3 Be6 18. Re1 $44) 14... Re8 15. h4 $6
(15. Nf4 g5 16. Nh5 Bxc3 17. bxc3 Ncxd5 18. Bf3 $44) 15... Bxc3 $1 (15... Bd7
16. Bg5 Bf6 (16... Qc8 17. Qd2 $16) 17. Qd2 $16) 16. bxc3 Ncxd5 (16... Nbxd5
17. Bg5 (17. Bc4 Rxe1+ 18. Nxe1 Be6 19. Bg5 Qd7 (19... Nxc3 20. Qd3 $18) 20.
Qd2 Nb6 21. Bxe6+ Qxe6 22. Ng2 Re8 $15) 17... Nf6 18. Nf4 $44) 17. Bg5 Qc7 18.
Qd2 Be6 19. h5 $44 Qg7 $1 (19... Qf7 20. Rad1 Nc8 21. c4 Nc7 22. Nf4 $36) 20.
Nf4 (20. c4 Nc3 21. Nf4 Nxe2+ 22. Qxe2 Bf7 $13) 20... Nxc3 $5 (20... Nxf4 21.
Bxf4 d5 22. Bb5 Bd7 $13) (20... Qxc3 $2 21. Qxc3 Nxc3 22. Nxe6 Rxe6 23. Bc4 $16
) 21. h6 Qh8 (21... Qd4 $5 22. Qxd4 cxd4 23. Bf3 $44) 22. Bf3 Ne4 $8 (22... Bf7
23. Qxd6 $16) 23. Bxe4 fxe4 24. Qxd6 Nc4 25. Qxc5 Rac8 26. Qb4 $13 Bf7 27. Ng2
(27. Qxb7 $2 Qe5 28. Nh3 Qf5 29. Kh2 Ne5 $36) 27... b6 28. Rad1 a5 $6 (28...
Ne5 $5) 29. Qb1 Ne5 30. Nh4 Nc4 31. Ng2 Qb2 (31... Qc3 32. Ne3 Ne5 $36) 32. Re2
a4 33. Qxb2 Nxb2 34. Rb1 Nc4 (34... a3 $32) 35. Ra1 b5 (35... Rc7 36. Ne3 Nxe3
37. fxe3 b5 38. Rd2 $14) 36. Bf6 (36. Ne3 Ne5 37. Bf6 Nf3+ 38. Kg2 Rc6 $15)
36... Rc6 37. Bd4 g5 $2 (37... Rd8 $1 38. c3 (38. Rxe4 $2 Nd2 39. Rf4 Rxd4 40.
Rxd4 Nf3+ $19) 38... b4 $36) 38. Ne3 Nxe3 39. fxe3 $10 Rec8 40. Rf2 R6c7 $2 (
40... Bg6 41. c3 $14) 41. Rf5 $16 Rc6 42. Rxb5 (42. Rxg5+ Rg6 43. Rxg6+ Bxg6
44. c3 Rf8 45. Rb1 Rf5 $14) 42... Rxh6 43. Rb7 $1 Rf8 44. Rc7 (44. Rc7 Rg6 45.
Rf1 Be6 46. Rxf8+ Kxf8 47. c4 $18) 1-0

[Event "BCF-ch 82nd"]
[Site "Swansea"]
[Date "1995.??.??"]
[Round "4"]
[White "Hebden, Mark"]
[Black "Summerscale, Aaron"]
[Result "0-1"]
[WhiteElo "2570"]
[BlackElo "2455"]
[Annotator "Bulletin"]
[PlyCount "80"]
[EventDate "1995.08.??"]
[EventType "swiss"]
[EventRounds "11"]
[EventCountry "WLS"]
[SourceTitle "EXT 1997"]
[Source "ChessBase"]
[SourceDate "1996.11.15"]
[SourceVersion "1"]
[SourceVersionDate "1996.11.15"]
[SourceQuality "1"]

1. d4 c5 2. d5 f5 {The "Clarendon Court" named after Jonathan Levitt's block
of flats! Black can become active on both wings.} 3. Nc3 Nf6 4. g3 (4. Bg5 Qb6
5. Qd2 h6 6. Bxf6 Qxf6 7. e4 g5 {is a line shown in Jonathan Levitt's
Grandmaster Video on this opening.}) 4... g6 5. Bg2 d6 6. Nh3 Na6 7. O-O Bg7 8.
a4 O-O 9. Nb5 {The beginning of a time-wasting plan - Lee.} Nc7 10. Nf4 a6 11.
Nxc7 Qxc7 {The exchange of a pair of knights frees Black's position somewhat
as he has less space.} 12. a5 Rb8 13. c4 {Better is 13 c3 to blunt the a1-h8
diagonal.} Ng4 14. Qc2 (14. Rb1 b5 15. axb6 Qxb6 16. b3 {is ok for White, the
resulting position is very similar to one of the main lines of the Leningrad
Dutch, only White would have a knight on c3 and Black one on c7. In such a
position White is well-placed for e2-e4.}) 14... b5 15. axb6 Qxb6 16. Nd3 Qb3
17. Qxb3 Rxb3 18. Bg5 Kf7 19. Ra3 Rxa3 20. bxa3 a5 {[#]White cannot stop the
simple plan of Ba6 and Rb8 with a winning position.} 21. e4 fxe4 22. Bxe4 Ba6
23. Rc1 Rb8 24. Bf3 Ne5 25. Nxe5+ Bxe5 26. Bg4 Rb3 27. Be6+ Kf8 28. f4 Bb2 29.
Rc2 Bxa3 30. Bh6+ Ke8 31. Bg7 Rb1+ 32. Kg2 Rc1 33. Rf2 Bxc4 34. f5 gxf5 35.
Rxf5 {Hebden's best threat of the game.} Kd8 $1 {It is remarkable how often
this is a good move in the Clarendon Court.} 36. g4 Rc2+ 37. Kg3 Bb2 38. Bxb2
Rxb2 39. Rf8+ Kc7 40. Ra8 Rd2 0-1

[Event "BUL-ch"]
[Site "Sofia"]
[Date "1996.??.??"]
[Round "1"]
[White "Chakov, Plamen"]
[Black "Kurtenkov, Atanas"]
[Result "0-1"]
[WhiteElo "2360"]
[BlackElo "2415"]
[Annotator "Bulletin"]
[PlyCount "56"]
[EventDate "1996.??.??"]
[EventType "k.o."]
[EventRounds "5"]
[EventCountry "BUL"]
[SourceTitle "EXT 1999"]
[Source "ChessBase"]
[SourceDate "1998.11.16"]
[SourceVersion "1"]
[SourceVersionDate "1998.11.16"]
[SourceQuality "1"]

1. d4 e6 (1... d5 2. Bg5 Nf6 (2... h6 $5 3. Bh4 c5 (3... g5 $5 4. Bg3 Bf5 5. h4
Bg7 6. hxg5 hxg5 7. Rxh8 Bxh8 8. Nf3 e6 9. Qd2 Nc6 (9... c5 $5 10. e3 Nc6 11.
c3 Qd7 $17) 10. c3) 4. dxc5 Qa5+ 5. Qd2 Qxc5) 3. Nd2 Bf5 4. e3 Nbd7 5. c4 c6 6.
Qb3 Qb6 7. cxd5 {1-0 Gochev,Mladen-Kostakiev,D/Plovdiv open Ch-Bg (09) 1985})
2. Nf3 c5 3. Bg5 (3. g3 cxd4 4. Nxd4 Qb6 5. Bg2 Bc5 6. e3 Nc6 7. Nb3 {0-1
Pomar Salamanca,A-Larsen,B/Palma de Mallorca 6/107 1968}) (3. Nc3 cxd4 (3... d5
4. e3 Nf6 5. a3 a6 6. g3 Nbd7 7. Bg2 Qc7 8. dxc5 Bxc5 9. Ne2 O-O 10. b4 Bd6 {
0-1 Cavero,D-Hoffman,A/Javea (08) 1992}) 4. Nxd4 d6 5. g3 Nf6 6. Bg2 Be7 7. O-O
O-O {1-0 Rakic,Tomislav-Pavlovic,Milos/Tivat tt (03) 1995}) (3. c3 d5 4. Bf4
Bd6 5. Bg3 Nf6 6. e3 Ne4 7. Bxd6 Qxd6 8. Bd3 O-O 9. Nbd2 f5 10. Ne5 {1/2-1/2
Kovacevic,Sl-Renet,O/Cannes op (01) 1995}) (3. c4 Nf6 4. Nc3 a6 5. g3 g6 6.
dxc5 Qa5 7. Qd4 Be7 8. Bg5 Nc6 9. Qd2 Qxc5 10. Bxf6 Bxf6 {1-0 Bujupi,
Bajram-Stablovic,Dejan/Pula YU-cup (03) 1991}) 3... Qb6 4. e3 d5 5. Nbd2 Nc6 6.
c4 h6 7. Bh4 cxd4 8. cxd5 dxe3 9. dxc6 exd2+ 10. Nxd2 bxc6 11. a3 Ba6 12. Bc4
Ne7 13. Qe2 Bb5 14. Qg4 Rd8 15. Bxb5 Qxb5 16. O-O-O f5 17. Qh3 g5 18. Bxg5 Bg7
19. Qh5+ Kf8 20. Bxe7+ Kxe7 21. Qh4+ Bf6 22. Qb4+ Qxb4 23. axb4 Rd4 24. Kc2
Rxb4 25. b3 a5 26. Rb1 Rhb8 27. Rhc1 Rd8 28. Re1 Rd5 0-1

[Event "URS-ch46 First League"]
[Site "Ashkhabad"]
[Date "1978.??.??"]
[Round "9"]
[White "Kochyev, Alexander"]
[Black "Alburt, Lev O"]
[Result "1-0"]
[WhiteElo "2555"]
[BlackElo "2510"]
[Annotator "Bulletin"]
[PlyCount "97"]
[EventDate "1978.10.??"]
[EventType "tourn"]
[EventRounds "17"]
[EventCountry "URS"]
[EventCategory "10"]
[SourceTitle "MCL"]
[Source "ChessBase"]
[SourceDate "1999.07.01"]
[SourceVersion "1"]
[SourceVersionDate "1999.07.01"]
[SourceQuality "1"]

1. Nf3 Nf6 2. d4 c5 3. d5 g6 4. Nc3 Bg7 5. e4 O-O 6. a4 d6 7. Be2 Na6 8. Bf4
Nb4 9. O-O Nh5 10. Be3 b6 11. Nd2 e6 12. Nc4 exd5 13. Nxd5 Nxd5 14. Qxd5 Be6
15. Qxd6 Qxd6 16. Nxd6 Bxb2 17. Rad1 Nf6 18. f3 Rfd8 19. Nb5 Bd7 20. Rb1 Be5
21. Rfd1 Ne8 22. f4 Bxb5 23. Bxb5 Bc7 24. e5 Ng7 25. Bc6 Rab8 26. c4 Nf5 27.
Kf2 Nxe3 28. Kxe3 Kf8 29. Rd3 a6 30. Ke4 Rdc8 31. Bd7 Rd8 32. g4 Ke7 33. Rbd1
Kf8 34. Bc6 Rdc8 35. Bd7 Rd8 36. h4 $16 Kg7 37. Bc6 Rdc8 38. Bd7 Rf8 $2 (38...
Rd8) 39. g5 Bd8 40. Bc6 Be7 41. Rd7 Rfd8 42. h5 Kf8 43. h6 Rxd7 44. Rxd7 Rd8
45. Rd3 $2 (45. Rb7 $18) 45... Rd4+ 46. Ke3 b5 $2 (46... Rxc4 $1) 47. cxb5 axb5
48. a5 Rd8 49. Bxb5 1-0

[Event "URS-ch46 First League"]
[Site "Ashkhabad"]
[Date "1978.??.??"]
[Round "1"]
[White "Mikhalchishin, Adrian"]
[Black "Alburt, Lev O"]
[Result "1-0"]
[WhiteElo "2460"]
[BlackElo "2510"]
[Annotator "Bulletin"]
[PlyCount "87"]
[EventDate "1978.10.??"]
[EventType "tourn"]
[EventRounds "17"]
[EventCountry "URS"]
[EventCategory "10"]
[SourceTitle "MCL"]
[Source "ChessBase"]
[SourceDate "1999.07.01"]
[SourceVersion "1"]
[SourceVersionDate "1999.07.01"]
[SourceQuality "1"]

1. Nf3 Nf6 2. d4 c5 3. d5 b5 4. a4 b4 5. c4 bxc3 $6 (5... g6) 6. Nxc3 Ba6 7.
Bg5 $1 d6 8. Bxf6 exf6 9. e4 $14 Bxf1 10. Kxf1 Nd7 11. g3 Rb8 12. Ra2 Be7 13.
Kg2 O-O 14. Nd2 Qa5 15. Qc2 a6 16. b3 Rfe8 17. Nc4 Qb4 18. Rb2 Ne5 (18... f5
19. exf5 Bf6 20. Rc1) 19. Na2 Qb7 20. Nxe5 dxe5 21. Rd1 Red8 22. Qc4 Qc8 23.
Rbd2 Bd6 24. Qc2 Rb6 25. Rd3 Qb7 26. Rc3 Bf8 27. Nc1 f5 28. f3 fxe4 29. fxe4 f5
30. Kg1 Rbd6 31. Nd3 fxe4 32. Nxc5 Qb4 33. Nxe4 Rxd5 34. Rxd5 Rxd5 35. Rc4 Qe1+
36. Kg2 Rd1 37. Qf2 Qh1+ $4 (37... Qxf2+ 38. Kxf2 Rb1 39. Rc8 $2 (39. Rc6 Rb2+
40. Kg1 Rxb3 41. Rxa6 Rb4) 39... Rxb3 40. Ng5 (40. Nc5 Rc3) 40... Rb6) 38. Kh3
Rd7 39. Ng5 $1 Qb7 40. Qf5 $1 g6 41. Qe6+ Kg7 42. Qxe5+ Kg8 43. Rf4 Qd5 44. Qe8
1-0